| 000 | 01155nam a2200253Ia 4500 | ||
|---|---|---|---|
| 999 |
_c51191 _d51191 |
||
| 001 | 18150 | ||
| 003 | GE_BSU | ||
| 005 | 20200625184205.0 | ||
| 008 | 181216s1992||||ge |||||||||||||| ||geo|| | ||
| 040 | _cGE_BSU | ||
| 041 | _ageo | ||
| 080 | _a811.353.1'282'373 ფ-38 | ||
| 100 |
_aფეიქრიშვილი, ჟუჟუნა _94824 |
||
| 245 |
_aმესხური დიალექტის სალექსიკონო მასალა / _cჟუჟუნა ფეიქრიშვილი ; რედ. მერი მესხიშვილი. |
||
| 264 |
_aქუთაისი : _bგამ-ბა "საწუთრო, _c1992. |
||
| 300 |
_a112 გვ. ; _c20 სმ |
||
| 541 | _h5ლ. | ||
| 653 | _aმესხური დიალექტის სალექსიკონო მასალა | ||
| 653 | _aქართული ენა | ||
| 653 | _aქართული ენის დიალექტები | ||
| 653 | _aმესხური დიალექტი | ||
| 700 |
_a მესხიშვილი, მერი _eრედაქტორი _98829 |
||
| 942 |
_cBK _2udc |
||